| 000 | 00618cam a22002174a 4500 | ||
|---|---|---|---|
| 020 | _a0072443316 | ||
| 020 | _a0072443367 (disc) | ||
| 020 | _a0072504439 (set) | ||
| 020 | _a0071123148 | ||
| 040 | _cDLC | ||
| 082 | 0 | 0 | _a332 MCG 2002 A013 Or. |
| 100 | 1 | _aCorrado, Charles J | |
| 245 | 1 | 0 |
_aFundamentals of investments : _bvaluation and management / |
| 250 | _a2nd ed | ||
| 260 |
_aBoston, Mass. : _bMcGraw-Hill, _c2002 |
||
| 300 |
_axxxv, 604 p. : _bill. ; _c26 cm. + 1 computer optical disc (4 3/4 in.) |
||
| 500 | _aIncludes indexes | ||
| 650 | 0 | _aInvestments | |
| 700 | 1 | _aJordan, Bradford D | |
| 942 | _cEK | ||
| 999 |
_c13293 _d13293 |
||